Alien Franchise Cast - Sudden Death - Statistics

General Stats
  • This quiz has been taken 83 times
  • The average score is 7 of 14
Answers on the Grid
Answers color-coded by a green-red scale on the quiz's grid according to % correct below.
Sigourney Weaver
Lance Henriksen
Alice Braga
Tilda Swinton
Christopher Eccleston
John David Washington
Ryan Gosling
Bill Paxton
Roger Moore
Elizabeth Olsen
Ron Perlman
Michael Biehn
John Hurt
Emilio Estavez
Virginia Madsen
Melanie Laurent
Ian Holm
Guy Pearce
Judy Greer
Irrfan Khan
Winona Ryder
Amanda Plummer
Mark Hamill
Charlize Theron
Tom Skeritt
Hiroyuki Sanada
Terrence Howard
James Franco
Michael Fassbender
Danny McBride
 
Answer Stats
Answer % Correct
Sigourney Weaver
98%
Lance Henriksen
68%
Michael Fassbender
64%
Bill Paxton
59%
Ian Holm
58%
Winona Ryder
58%
John Hurt
47%
Guy Pearce
41%
Ron Perlman
41%
Michael Biehn
37%
Tom Skeritt
37%
Charlize Theron
36%
Danny McBride
36%
James Franco
22%
No matching quizzes found
Score Distribution
Percent of People with Each Score
Percentile by Number Answered
Your Score History
You have not taken this quiz